<?xml version="1.0" encoding="UTF-8"?>
<record
    xmlns:xsi="http://www.w3.org/2001/XMLSchema-instance"
    xsi:schemaLocation="http://www.loc.gov/MARC21/slim http://www.loc.gov/standards/marcxml/schema/MARC21slim.xsd"
    xmlns="http://www.loc.gov/MARC21/slim">

  <leader>01647nam0a2200361   4500</leader>
  <controlfield tag="001">RU\NLR\bibl\1462133</controlfield>
  <controlfield tag="005">20260121163247.0</controlfield>
  <datafield tag="010" ind1=" " ind2=" ">
    <subfield code="a">978-5-397-01158-7</subfield>
  </datafield>
  <datafield tag="021" ind1=" " ind2=" ">
    <subfield code="a">RU</subfield>
    <subfield code="b">2009-92988</subfield>
    <subfield code="9">5879</subfield>
  </datafield>
  <datafield tag="035" ind1=" " ind2=" ">
    <subfield code="a">(NLR Aleph) 001453887</subfield>
  </datafield>
  <datafield tag="035" ind1=" " ind2=" ">
    <subfield code="a">(nilc)RSL-KNO-004413921</subfield>
  </datafield>
  <datafield tag="090" ind1=" " ind2=" ">
    <subfield code="a">1540311</subfield>
    <subfield code="c">1540311</subfield>
  </datafield>
  <datafield tag="100" ind1=" " ind2=" ">
    <subfield code="a">20091120d2009    u  y0rusy50      ca</subfield>
  </datafield>
  <datafield tag="101" ind1="1" ind2=" ">
    <subfield code="a">rus</subfield>
    <subfield code="c">ger</subfield>
  </datafield>
  <datafield tag="102" ind1=" " ind2=" ">
    <subfield code="a">RU</subfield>
  </datafield>
  <datafield tag="105" ind1=" " ind2=" ">
    <subfield code="a">a   |||||||||</subfield>
  </datafield>
  <datafield tag="200" ind1="1" ind2=" ">
    <subfield code="a">&#x41F;&#x430;&#x440;&#x430;&#x434;&#x43E;&#x43A;&#x441;&#x44B; &#x43F;&#x440;&#x438;&#x440;&#x43E;&#x434;&#x44B;</subfield>
    <subfield code="e">&#x43A;&#x43D;&#x438;&#x433;&#x430; &#x432; &#x43F;&#x43E;&#x43C;&#x43E;&#x449;&#x44C; &#x44E;&#x43D;&#x43E;&#x448;&#x435;&#x441;&#x442;&#x432;&#x443; &#x434;&#x43B;&#x44F; &#x43E;&#x431;&#x44A;&#x44F;&#x441;&#x43D;&#x435;&#x43D;&#x438;&#x44F; &#x44F;&#x432;&#x43B;&#x435;&#x43D;&#x438;&#x439;, &#x43F;&#x43E;-&#x432;&#x438;&#x434;&#x438;&#x43C;&#x43E;&#x43C;&#x443;, &#x43F;&#x440;&#x43E;&#x442;&#x438;&#x432;&#x43E;&#x440;&#x435;&#x447;&#x430;&#x449;&#x438;&#x445; &#x43F;&#x43E;&#x432;&#x441;&#x435;&#x434;&#x43D;&#x435;&#x432;&#x43D;&#x43E;&#x43C;&#x443; &#x43E;&#x43F;&#x44B;&#x442;&#x443;</subfield>
    <subfield code="f">&#x412;. &#x413;&#x430;&#x43C;&#x43F;&#x441;&#x43E;&#x43D;, &#x41A;. &#x428;&#x435;&#x444;&#x444;&#x435;&#x440;</subfield>
    <subfield code="g">&#x43F;&#x435;&#x440;. &#x441;&#x43E; &#x432;&#x442;&#x43E;&#x440;&#x43E;&#x433;&#x43E; &#x43F;&#x435;&#x440;&#x435;&#x440;&#x430;&#x431;&#x43E;&#x442;&#x430;&#x43D;&#x43D;&#x43E;&#x433;&#x43E; &#x438; &#x434;&#x43E;&#x43F;&#x43E;&#x43B;&#x43D;&#x435;&#x43D;&#x43D;&#x43E;&#x433;&#x43E; &#x43D;&#x435;&#x43C;&#x435;&#x446;&#x43A;&#x43E;&#x433;&#x43E; &#x438;&#x437;&#x434;. &#x41A;. &#x413;&#x44E;&#x43A;&#x435; &#x438; &#x41B;. &#x42D;&#x43D;&#x433;&#x435;&#x43B;&#x44C;&#x433;&#x430;&#x440;&#x434;&#x442;</subfield>
    <subfield code="g">&#x43F;&#x43E;&#x434; &#x440;&#x435;&#x434;. &#x412;. &#x418;. &#x420;&#x43E;&#x43C;&#x430;&#x43D;&#x43E;&#x432;&#x430;</subfield>
  </datafield>
  <datafield tag="205" ind1=" " ind2=" ">
    <subfield code="a">&#x418;&#x437;&#x434;. 2-&#x435;, &#x438;&#x441;&#x43F;&#x440;. &#x438; &#x434;&#x43E;&#x43F;.</subfield>
  </datafield>
  <datafield tag="210" ind1=" " ind2=" ">
    <subfield code="a">&#x41C;&#x43E;&#x441;&#x43A;&#x432;&#x430;</subfield>
    <subfield code="c">&#x41B;&#x418;&#x411;&#x420;&#x41E;&#x41A;&#x41E;&#x41C;</subfield>
    <subfield code="d">cop. 2009</subfield>
  </datafield>
  <datafield tag="215" ind1=" " ind2=" ">
    <subfield code="a">199 &#x441;.</subfield>
    <subfield code="c">&#x438;&#x43B;.</subfield>
    <subfield code="d">22</subfield>
  </datafield>
  <datafield tag="225" ind1="1" ind2=" ">
    <subfield code="a">&#x41D;&#x430;&#x443;&#x43A;&#x443; - &#x432;&#x441;&#x435;&#x43C;! &#x428;&#x435;&#x434;&#x435;&#x432;&#x440;&#x44B; &#x43D;&#x430;&#x443;&#x447;&#x43D;&#x43E;-&#x43F;&#x43E;&#x43F;&#x443;&#x43B;&#x44F;&#x440;&#x43D;&#x43E;&#x439; &#x43B;&#x438;&#x442;&#x435;&#x440;&#x430;&#x442;&#x443;&#x440;&#x44B;</subfield>
  </datafield>
  <datafield tag="606" ind1="1" ind2=" ">
    <subfield code="a">&#x417;&#x430;&#x43D;&#x438;&#x43C;&#x430;&#x442;&#x435;&#x43B;&#x44C;&#x43D;&#x43E;&#x435; &#x435;&#x441;&#x442;&#x435;&#x441;&#x442;&#x432;&#x43E;&#x437;&#x43D;&#x430;&#x43D;&#x438;&#x435;</subfield>
    <subfield code="j">&#x41F;&#x43E;&#x43F;&#x443;&#x43B;&#x44F;&#x440;&#x43D;&#x44B;&#x435; &#x438;&#x437;&#x434;&#x430;&#x43D;&#x438;&#x44F;</subfield>
    <subfield code="9">2076500</subfield>
    <subfield code="3">RU\NLR\AUTH\661251648</subfield>
  </datafield>
  <datafield tag="686" ind1=" " ind2=" ">
    <subfield code="a">&#x411;.&#x44F;9</subfield>
    <subfield code="2">rubbk</subfield>
  </datafield>
  <datafield tag="686" ind1=" " ind2=" ">
    <subfield code="a">&#x411;.&#x44F;9</subfield>
  </datafield>
  <datafield tag="700" ind1=" " ind2="1">
    <subfield code="a">&#x413;&#x430;&#x43C;&#x43F;&#x441;&#x43E;&#x43D;</subfield>
    <subfield code="b">&#x412;.</subfield>
    <subfield code="f">1854-?</subfield>
    <subfield code="g">&#x412;&#x438;&#x43B;&#x44C;&#x44F;&#x43C;</subfield>
    <subfield code="4">070</subfield>
  </datafield>
  <datafield tag="701" ind1=" " ind2="1">
    <subfield code="a">&#x428;&#x435;&#x444;&#x444;&#x435;&#x440;</subfield>
    <subfield code="b">&#x426;.</subfield>
    <subfield code="f">1867-?</subfield>
    <subfield code="g">&#x426;&#x435;&#x437;&#x430;&#x440;&#x44C;</subfield>
    <subfield code="4">070</subfield>
  </datafield>
  <datafield tag="801" ind1=" " ind2="0">
    <subfield code="a">RU</subfield>
    <subfield code="b">&#x420;&#x413;&#x411;</subfield>
    <subfield code="c">20091120</subfield>
    <subfield code="g">rcr</subfield>
  </datafield>
  <datafield tag="801" ind1=" " ind2="1">
    <subfield code="a">RU</subfield>
    <subfield code="b">&#x420;&#x413;&#x411;</subfield>
    <subfield code="c">20091120</subfield>
  </datafield>
  <datafield tag="801" ind1=" " ind2="2">
    <subfield code="a">RU</subfield>
    <subfield code="b">NLR</subfield>
    <subfield code="c">20100119</subfield>
    <subfield code="g">rcr</subfield>
  </datafield>
  <datafield tag="942" ind1=" " ind2=" ">
    <subfield code="c">BOOK</subfield>
  </datafield>
  <datafield tag="980" ind1=" " ind2=" ">
    <subfield code="a">NB</subfield>
  </datafield>
  <datafield tag="995" ind1=" " ind2=" ">
    <subfield code="5">2010-01-19</subfield>
    <subfield code="a">ad</subfield>
    <subfield code="b">NLR01</subfield>
    <subfield code="c">NLR01</subfield>
    <subfield code="e">RF8</subfield>
    <subfield code="f">1-1633023</subfield>
    <subfield code="k">2010-5/315</subfield>
    <subfield code="o">0</subfield>
    <subfield code="r">BOOK</subfield>
    <subfield code="s">20105315_</subfield>
  </datafield>
  <datafield tag="995" ind1=" " ind2=" ">
    <subfield code="5">2010-01-19</subfield>
    <subfield code="a">ad</subfield>
    <subfield code="b">NLR01</subfield>
    <subfield code="c">NLR01</subfield>
    <subfield code="e">RF8</subfield>
    <subfield code="f">3082570</subfield>
    <subfield code="k">2010-5/315</subfield>
    <subfield code="o">0</subfield>
    <subfield code="r">BOOK</subfield>
    <subfield code="s">20105315_</subfield>
  </datafield>
</record>
